000 00976cam a2200241u 4500
999 _c129670
_d129670
001 7383229
003 ARRUPE
005 20190603110040.0
008 830517s1941 njuh b 001 0 eng
010 _a 41025819
040 _aDLC
_cCarP
_dDLC
050 0 0 _aPR3592.R4
_bK4
100 1 _aKelley, Maurice
_946573
245 1 0 _aThis great argument;
_ba study of Milton's De doctrina christiana as a gloss upon Paradise lost
_cMaurice Kelley
260 _aMassachussetts
_bPeter Smith
_c1962
300 _axiv, 269 p. ;
_c24 cm.
504 _aIncludes bibliographical references (p. [255]-257 and indexes.
600 1 0 _aMilton, John,
_d1608-1674
_xReligion.
_91920
600 1 0 _aMilton, John,
_d1608-1674.
_tDe doctrina christiana.
_946574
600 1 0 _aMilton, John,
_d1608-1674.
_tParadise lost.
_937541
906 _a0
_bcbc
_cpremunv
_du
_encip
_f19
_gy-gencatlg
942 _2lcc
_cMONOGRAPH